000 00891cam a2200289 a 4500
999 _c19547
_d19547
001 1444350
003 BDDh-ASL
005 20231015025804.0
008 860123s1986 nyua b 001 0 eng
010 _a 85048194
020 _a0801419107 (alk. paper)
020 _z9780801465079 (ebook)
040 _aDLC
_cDLC
_dBDDh-ASL
043 _aa-le---
050 0 0 _aBP192.7.L4
_bA38 1986
082 0 0 _a297.8209
_219
_bAJV
100 1 _aAjami, Fouad.
245 1 4 _aThe vanished Imam :
_bMusa al Sadr and the Shia of Lebanon /
_cFouad Ajami.
260 _aIthaca :
_bCornell University Press,
_c1986.
300 _a228 p. :
_bill. ;
_c24 cm.
504 _aIncludes bibliographical references and index.
600 1 0 _aṢadr, Mūsá.
650 0 _aShīʻah
_zLebanon.
650 0 _aShiites
_zLebanon
_xBiography.
906 _a7
_bcbc
_corignew
_d1
_eocip
_f19
_gy-gencatlg
942 _2ddc
_cBK